Normal view
MARC view
- Bhopal Muhammad Fahad
Entry Personal Name
001 - CONTROL NUMBER
- control field: 11132
003 - CONTROL NUMBER IDENTIFIER
- control field: NUST
005 - DATE AND TIME OF LATEST TRANSACTION
- control field: 20180612043706.0
008 - FIXED-LENGTH DATA ELEMENTS
- fixed length control field: 180612|| aca||aabn | a|a d
040 ## - CATALOGING SOURCE
- Original cataloging agency: NUST
- Transcribing agency: NUST
100 ## - HEADING--PERSONAL NAME
- Personal name: Bhopal Muhammad Fahad
670 ## - SOURCE DATA FOUND
- Source citation: Work cat.: (NUST)24519: Bhopal Muhammad Fahad, MS Thesis:Tuned Simulation of Double Heterojunction Bipolar Transistors , c,2012.
